Propos d'Espagne / (Record no. 99482)
[ view plain ]
| 000 -LEADER | |
|---|---|
| campo de control de longitud fija | 00690nam a2200145 i 4500 |
| 001 - NÚMERO DE CONTROL | |
| campo de control | 99482 |
| 003 - IDENTIFICADOR DE NÚMERO DE CONTROL | |
| campo de control | ES-MaACL |
| 007 - CAMPO FIJO DE DESCRIPCIÓN FÍSICA--INFORMACIÓN GENERAL | |
| campo de control de longitud fija | t| |
| 008 - DATOS DE LONGITUD FIJA--INFORMACIÓN GENERAL | |
| campo de control de longitud fija | 050912s1905 fr ||||1| fre d |
| 100 1# - ENTRADA PRINCIPAL--NOMBRE DE PERSONA | |
| Nombre de persona | Martinenche, Ernest. |
| 9 (RLIN) | 77699 |
| 245 10 - MENCIÓN DEL TÍTULO | |
| Título | Propos d'Espagne / |
| Mención de responsabilidad, etc. | Ernest Martinenche. |
| 260 ## - PUBLICACIÓN, DISTRIBUCIÓN, ETC. | |
| Lugar de publicación, distribución, etc. | Paris : |
| Nombre del editor, distribuidor, etc. | [s.n.], |
| Fecha de publicación, distribución, etc. | 1905 ( |
| Fabricante | Durand) |
| 505 8# - NOTA DE CONTENIDO CON FORMATO | |
| Nota de contenido con formato | Contiene: Le paysage espagnol.- Ruines romaines.- Les maures et leurs monuments en Espagne.- Villes mortes.- Tolède.- Seville.- Dans les cathedrales et les églises.- Dans les bibliothèques.- Dans les théatres.- Dans les rues.- La peinture espagnole.- La Littérature du jour en Espagne.- La psychologie du peuple espagnol |
| 852 ## - LOCALIZACIÓN | |
| Ubicación | ES-MaACL |
| Número de control de estantería | B-3200 |
| Estatus retirado | Estado de pérdida | Estado de daño | No para préstamo | Biblioteca de origen | Biblioteca actual | Ubicación en estantería | Fecha de adquisición | Fuente de adquisición | Total de préstamos | Signatura topográfica completa | Código de barras | Visto por última vez | Precio de reemplazo | Tipo de ítem Koha |
|---|---|---|---|---|---|---|---|---|---|---|---|---|---|---|
| Biblioteca del Ateneo de Madrid | Biblioteca del Ateneo de Madrid | Sala Pardo Bazán | 17/01/2008 | B-3200 | 1103875 | 23/02/2023 | 23/02/2023 | Libro impreso |
